| 000 -LEADER |
| fixed length control field |
02486cam a2200289 i 4500 |
| 005 - DATE AND TIME OF LATEST TRANSACTION |
| control field |
20200310122514.0 |
| 008 - FIXED-LENGTH DATA ELEMENTS--GENERAL INFORMATION |
| fixed length control field |
130723s2014 nyua b 001 0 eng |
| 020 ## - INTERNATIONAL STANDARD BOOK NUMBER |
| International Standard Book Number |
9780415840651 (hardback) |
| 020 ## - INTERNATIONAL STANDARD BOOK NUMBER |
| International Standard Book Number |
9780415840668 (pb) |
| 040 ## - CATALOGING SOURCE |
| Original cataloging agency |
DLC |
| Language of cataloging |
eng |
| Transcribing agency |
DLC |
| Description conventions |
rda |
| Modifying agency |
DLC |
| 082 00 - DEWEY DECIMAL CLASSIFICATION NUMBER |
| Classification number |
720.4720 |
| Edition number |
23 |
| Item number |
AND |
| 100 1# - MAIN ENTRY--PERSONAL NAME |
| Personal name |
Anderson, Kjell. |
| 245 10 - TITLE STATEMENT |
| Title |
Design energy simulation for architects : |
| Remainder of title |
guide to 3D graphics / |
| Statement of responsibility, etc |
Kjell Anderson. |
| 300 ## - PHYSICAL DESCRIPTION |
| Extent |
xix, 249 pages : |
| Other physical details |
color illustrations ; |
| Dimensions |
29 cm |
| 504 ## - BIBLIOGRAPHY, ETC. NOTE |
| Bibliography, etc |
Includes bibliographical references and index. |
| 520 ## - SUMMARY, ETC. |
| Summary, etc |
"Energy modeling calculations for urban, complex buildings are most effective during the early design phase. And most analysis takes only four to sixteen hours to get results you can use. This software-agnostic book, which is intended for you to use as a professional architect, shows you how to reduce the energy use of all buildings. Written by a practicing architect who specializes in energy modeling, the book includes case studies of net-zero buildings, of Living Building Challenge-certified buildings, as well as of projects with less lofty goals to demonstrate how energy simulation has helped designers make early decisions. Within each case study, author Kjell Anderson mentions the software used and other software that could have been used to get similar results so that you learn general concepts without being tied to particular programs. Each chapter builds on the theory from previous chapters, includes a summary of concept-level hand calculations (if applicable), and gives comprehensive explanations with examples. Topics covered include comfort, design energy simulation, climate analysis, master planning, conceptual design, design development, and existing buildings so that you can create more responsive designs quicker"-- |
| 650 #0 - SUBJECT ADDED ENTRY--TOPICAL TERM |
| Topical term or geographic name as entry element |
Sustainable buildings |
| General subdivision |
Design and construction |
| -- |
Data processing. |
| 650 #0 - SUBJECT ADDED ENTRY--TOPICAL TERM |
| Topical term or geographic name as entry element |
Architecture and energy conservation. |
| 650 #0 - SUBJECT ADDED ENTRY--TOPICAL TERM |
| Topical term or geographic name as entry element |
Buildings |
| General subdivision |
Energy conservation |
| -- |
Computer simulation. |
| 650 #0 - SUBJECT ADDED ENTRY--TOPICAL TERM |
| Topical term or geographic name as entry element |
Three-dimensional display systems. |
| 650 #7 - SUBJECT ADDED ENTRY--TOPICAL TERM |
| Topical term or geographic name as entry element |
ARCHITECTURE / Sustainability & Green Design. |
| Source of heading or term |
bisacsh |
| 650 #7 - SUBJECT ADDED ENTRY--TOPICAL TERM |
| Topical term or geographic name as entry element |
ARCHITECTURE / Design, Drafting, Drawing & Presentation. |
| Source of heading or term |
bisacsh |
| 650 #7 - SUBJECT ADDED ENTRY--TOPICAL TERM |
| Topical term or geographic name as entry element |
ARCHITECTURE / Methods & Materials. |
| Source of heading or term |
bisacsh |
| 906 ## - LOCAL DATA ELEMENT F, LDF (RLIN) |
| a |
7 |
| b |
cbc |
| c |
orignew |
| d |
1 |
| e |
ecip |
| f |
20 |
| g |
y-gencatlg |
| 942 ## - ADDED ENTRY ELEMENTS (KOHA) |
| Source of classification or shelving scheme |
|
| 955 ## - COPY-LEVEL INFORMATION (RLIN) |
| Book number/undivided call number, CCAL (RLIN) |
rk11 2013-07-23 |
| Copy information and material description, CCAL + MDES (RLIN) |
rk11 2013-07-23 ONIX to Tech for subj. |
| Classification number, CCAL (RLIN) |
xn12 2016-06-21 1 copy rec'd., to CIP ver. |
| -- |
rk00 2016-07-13 |